Normal view
MARC view
Entry Topical Term
001 - CONTROL NUMBER
- control field: 4045
003 - CONTROL NUMBER IDENTIFIER
- control field: OSt
005 - DATE AND TIME OF LATEST TRANSACTION
- control field: 20150801131231.0
008 - FIXED-LENGTH DATA ELEMENTS
- fixed length control field: 150801|| aca||aabn | a|a d
040 ## - CATALOGING SOURCE
- Original cataloging agency: OSt
- Transcribing agency: OSt
150 ## - HEADING--TOPICAL TERM
- Topical term or geographic name entry element: Social Problems
670 ## - SOURCE DATA FOUND
- Source citation: Work cat.: (OSt)5124: Mcleod, W. H. 4044, Who is a Sikh, 1989









